The church stands corrected. (Record no. 5772)

000 -LEADER
fixed length control field 00596nam a2200193 a 4500
001 - CONTROL NUMBER
control field :::00003514$&:&@@
003 - CONTROL NUMBER IDENTIFIER
control field OkBaRHE
005 - DATE AND TIME OF LATEST TRANSACTION
control field 20000607103306.0
008 - FIXED-LENGTH DATA ELEMENTS--GENERAL INFORMATION
fixed length control field s1976 j 000 0 eng u
040 ## - CATALOGING SOURCE
Transcribing agency
100 1# - MAIN ENTRY--PERSONAL NAME
Personal name Van Gorder, Paul R.
245 14 - TITLE STATEMENT
Title The church stands corrected.
260 ## - PUBLICATION, DISTRIBUTION, ETC. (IMPRINT)
Place of publication, distribution, etc Wheaton, IL., :
Name of publisher, distributor, etc Victor Books
Date of publication, distribution, etc c1976
300 ## - PHYSICAL DESCRIPTION
Extent 156 p. ;
Dimensions 18 cm.
490 0# - SERIES STATEMENT
Series statement An Input book.
650 ## - SUBJECT ADDED ENTRY--TOPICAL TERM
Topical term or geographic name as entry element Bible New Testament 1 Corinthians
General subdivision Commentaries
942 ## - ADDED ENTRY ELEMENTS (KOHA)
Source of classification or shelving scheme
Koha item type Books
Copies
Date last seen Price effective from Not for loan Full call number Withdrawn status Lost status Damaged status Permanent Location Shelving location Date acquired Koha item type Source of classification or shelving scheme Copy number Barcode
2018-04-032010-04-14 BS 2675.3 .V36   RHEMA Bible Training CollegeGeneral Stacks2010-04-14Books 13514